<?xml version="1.0" encoding="UTF-8"?><marc:collection xmlns:marc="http://www.loc.gov/MARC21/slim">
  <marc:record>
    <marc:leader>00000nam  2200000za 4500</marc:leader>
    <marc:controlfield tag="001">9.846172</marc:controlfield>
    <marc:controlfield tag="003">CaOODSP</marc:controlfield>
    <marc:controlfield tag="005">20221107153133</marc:controlfield>
    <marc:controlfield tag="007">cr |||||||||||</marc:controlfield>
    <marc:controlfield tag="008">171026s2017    quca   #ob   f000 0 fre d</marc:controlfield>
    <marc:datafield tag="020" ind1=" " ind2=" ">
      <marc:subfield code="a">978-0-660-23658-2</marc:subfield>
    </marc:datafield>
    <marc:datafield tag="040" ind1=" " ind2=" ">
      <marc:subfield code="a">CaOODSP</marc:subfield>
      <marc:subfield code="b">fre</marc:subfield>
    </marc:datafield>
    <marc:datafield tag="043" ind1=" " ind2=" ">
      <marc:subfield code="a">n-cn---</marc:subfield>
    </marc:datafield>
    <marc:datafield tag="086" ind1="1" ind2=" ">
      <marc:subfield code="a">TU3-5/15-0081F-PDF</marc:subfield>
    </marc:datafield>
    <marc:datafield tag="110" ind1="2" ind2=" ">
      <marc:subfield code="a">Bureau de la sécurité des transports du Canada.</marc:subfield>
    </marc:datafield>
    <marc:datafield tag="245" ind1="1" ind2="0">
      <marc:subfield code="a">Désintégration en vol, Carson Air Ltd., Swearingen SA226-TC Metro II (C-GSKC), North Vancouver (Colombie-Britannique), 13 avril 2015 </marc:subfield>
      <marc:subfield code="h">[ressource électronique].</marc:subfield>
    </marc:datafield>
    <marc:datafield tag="260" ind1=" " ind2=" ">
      <marc:subfield code="a">Gatineau, QC : </marc:subfield>
      <marc:subfield code="b">Bureau de la sécurité des transports du Canada, </marc:subfield>
      <marc:subfield code="c">c2017.</marc:subfield>
    </marc:datafield>
    <marc:datafield tag="300" ind1=" " ind2=" ">
      <marc:subfield code="a">vi, 46 p. : </marc:subfield>
      <marc:subfield code="b">ill.</marc:subfield>
    </marc:datafield>
    <marc:datafield tag="490" ind1="1" ind2=" ">
      <marc:subfield code="a">Rapport d'enquête aéronautique ; </marc:subfield>
      <marc:subfield code="v">A15P0081</marc:subfield>
    </marc:datafield>
    <marc:datafield tag="500" ind1=" " ind2=" ">
      <marc:subfield code="a">Titre pris sur la couv.</marc:subfield>
    </marc:datafield>
    <marc:datafield tag="500" ind1=" " ind2=" ">
      <marc:subfield code="a">Publ. aussi en anglais sous le titre : In-flight breakup, Carson Air Ltd., Swearingen SA226-TC Metro II, C-GSKC, North Vancouver, British Columbia, 13 April 2015.</marc:subfield>
    </marc:datafield>
    <marc:datafield tag="504" ind1=" " ind2=" ">
      <marc:subfield code="a">Comprend des réf. bibliogr.</marc:subfield>
    </marc:datafield>
    <marc:datafield tag="520" ind1=" " ind2=" ">
      <marc:subfield code="a">« Le 13 avril 2015, l’aéronef Swearingen SA226-TC Metro II (immatriculé C-GSKC, numéro de série TC-235) effectuait le vol 66 (CA66) de Carson Air Ltd. selon les règles de vol aux instruments (IFR), depuis l’aéroport international de Vancouver (CYVR) (Colombie-Britannique) à destination de Prince George (Colombie-Britannique) avec 2 pilotes à son bord. À 7 h 09, heure avancée du Pacifique (HAP), environ 6 minutes après son départ de Vancouver, l’aéronef est disparu des écrans radars du contrôle de la circulation aérienne alors qu’il franchissait 8700 pieds au-dessus du niveau de la mer, en montée dans des conditions météorologiques de vol aux instruments, à environ 4 milles marins au nord de la zone bâtie de North Vancouver. Des conditions météorologiques qui se détérioraient, des nuages bas et de fortes chutes de neige ont gêné les recherches aériennes; toutefois, des chercheurs au sol ont retrouvé l’épave dans un relief montagneux escarpé et enneigé vers 16 h 45 HAP. L’aéronef avait subi une désintégration catastrophique en vol. Les deux pilotes ont été mortellement blessés, et l’aéronef a été détruit. La radiobalise de repérage d’urgence de 406 mégahertz de l’aéronef s’était déclenchée, mais son antenne avait été endommagée, et le système international de satellites pour les recherches et le sauvetage Cospas-Sarsat n’a reçu aucun signal. L’accident est survenu durant les heures de clarté. » -- Résumé.</marc:subfield>
    </marc:datafield>
    <marc:datafield tag="692" ind1="0" ind2="7">
      <marc:subfield code="2">gccst</marc:subfield>
      <marc:subfield code="a">Accident d'aviation</marc:subfield>
    </marc:datafield>
    <marc:datafield tag="692" ind1="0" ind2="7">
      <marc:subfield code="2">gccst</marc:subfield>
      <marc:subfield code="a">Enquête</marc:subfield>
    </marc:datafield>
    <marc:datafield tag="775" ind1="0" ind2="8">
      <marc:subfield code="t">In-flight breakup, Carson Air Ltd., Swearingen SA226-TC Metro II, C-GSKC, North Vancouver, British Columbia, 13 April 2015 </marc:subfield>
      <marc:subfield code="w">(CaOODSP)9.846171</marc:subfield>
    </marc:datafield>
    <marc:datafield tag="830" ind1="#" ind2="0">
      <marc:subfield code="a">Rapport d'enquête aéronautique ;</marc:subfield>
      <marc:subfield code="v">A15P0081.</marc:subfield>
      <marc:subfield code="w">(CaOODSP)9.501229</marc:subfield>
    </marc:datafield>
    <marc:datafield tag="856" ind1="4" ind2="0">
      <marc:subfield code="q">PDF</marc:subfield>
      <marc:subfield code="s">997 Ko</marc:subfield>
      <marc:subfield code="u">https://publications.gc.ca/collections/collection_2017/bst-tsb/TU3-5-15-0081-fra.pdf</marc:subfield>
    </marc:datafield>
  </marc:record>
</marc:collection>
